000 00800nam a2200205 a 4500
003 0
005 20250319124509.0
008 060802s19uu xx 00 eng d
050 _aPGS RC 451.4.Y68.P76
_b.T161 2006
100 _aTan, Rachel R.
245 _aProfile of young adult patients in the National Mental Hospital /
_cRachel R. Tan.
260 _aLas PiƱas City, Philippines :
_bSouthville International School and Colleges,
_c2006.
300 _a36 pages :
_bcolored illustrations ;
_c28 cm.
504 _aIncludes bibliographical references.
650 _aYoung adults
_vMental health.
650 _aMental illness
_vPatients
_vDemographic studies.
650 _aPsychiatric hospitals
_vPatient characteristics.
650 _aMental health services for young adults.
942 _2lcc
_cPASS
999 _c97555
_d97555